[Event "Assis 1st"]
[Site "Assis"]
[Date "2010.06.04"]
[Round "12.2"]
[White "Canassa, Gustavo"]
[Black "Van Riemsdijk, Dirk Dagobert"]
[Result "0-1"]
[WhiteElo "1692"]
[BlackElo "2179"]
[PlyCount "62"]
[EventDate "2010.05.29"]
[EventType "tourn"]
[EventRounds "14"]
[EventCountry "BRA"]
[SourceTitle "EXT 2022"]
[Source "ChessBase"]
[SourceDate "2021.10.06"]
[SourceVersion "1"]
[SourceVersionDate "2021.10.06"]
[SourceQuality "1"]

1. Nf3 d5 2. d4 Bf5 3. g3 e6 4. Nc3 Nf6 5. Bg5 Be7 6. Bxf6 Bxf6 7. Bg2 0-0 8. 0-0 Nd7 9. e3 c5 10. Nb5 Qb6 11. a4 a6 12. dxc5 Nxc5 13. Nc3 Rfd8 14. Qe2 Qxb2 15. e4 dxe4 16. Nh4 Qxc3 17. Rad1 Bxh4 18. gxh4 Rd5 19. Rxd5 exd5 20. f3 e3 21. f4 d4 22. h5 h6 23. Rb1 Qxc2 24. Qxc2 Bxc2 25. Rb4 Rd8 26. Bxb7 Nd3 27. Bxa6 e2 28. Bxd3 e1Q+ 29. Bf1 Bd3 30. Kg2 Bxf1+ 31. Kh1 Bh3# 0-1

[Event "Assis 1st"]
[Site "Assis"]
[Date "2010.06.01"]
[Round "6.4"]
[White "Canassa, Gustavo"]
[Black "Meschede, Henri"]
[Result "0-1"]
[WhiteElo "1692"]
[BlackElo "1822"]
[PlyCount "94"]
[EventDate "2010.05.29"]
[EventType "tourn"]
[EventRounds "14"]
[EventCountry "BRA"]
[SourceTitle "EXT 2022"]
[Source "ChessBase"]
[SourceDate "2021.10.06"]
[SourceVersion "1"]
[SourceVersionDate "2021.10.06"]
[SourceQuality "1"]

1. d4 d5 2. Nf3 Nc6 3. g3 Nf6 4. Bg2 Bf5 5. 0-0 Qd7 6. Nc3 Bh3 7. Nh4 Bxg2 8. Nxg2 Qh3 9. f3 e5 10. e3 b6 11. a3 exd4 12. exd4 Nxd4 13. b4 c5 14. Rb1 Bd6 15. Bf4 Rd8 16. Bxd6 Rxd6 17. bxc5 bxc5 18. Rb8+ Rd8 19. Qe1+ Ne6 20. Rb7 0-0 21. Rxa7 Rfe8 22. Qd1 Nd4 23. Nf4 Qf5 24. Rf2 Re3 25. Kg2 Rxc3 26. Qe1 Nxc2 27. Qxc3 Nd4 28. Ne2 Ne6 29. Ra4 h5 30. h4 g5 31. Qd2 g4 32. f4 Ne4 33. Qc2 d4 34. Qb1 d3 35. Ra8 Rxa8 36. Qxd3 Rd8 37. Qb1 Qd5 38. Kg1 Nxf2 39. Kxf2 Qf3+ 40. Ke1 Qh1+ 41. Kf2 Qxb1 42. f5 Nd4 43. Nxd4 Rxd4 44. Ke3 Qd3+ 45. Kf2 Qf3+ 46. Kg1 Qxg3+ 47. Kf1 Qe3 0-1

[Event "Assis 1st"]
[Site "Assis"]
[Date "2010.05.30"]
[Round "3.2"]
[White "Canassa, Gustavo"]
[Black "Oliveira, Silvio Eduardo"]
[Result "0-1"]
[WhiteElo "1692"]
[BlackElo "2159"]
[PlyCount "70"]
[EventDate "2010.05.29"]
[EventType "tourn"]
[EventRounds "14"]
[EventCountry "BRA"]
[SourceTitle "EXT 2022"]
[Source "ChessBase"]
[SourceDate "2021.10.06"]
[SourceVersion "1"]
[SourceVersionDate "2021.10.06"]
[SourceQuality "1"]

1. Nf3 Nf6 2. d4 c5 3. g3 cxd4 4. Nxd4 Nc6 5. c3 e5 6. Nxc6 bxc6 7. Bg2 Be7 8. 0-0 0-0 9. b3 d5 10. c4 Be6 11. e3 Qc7 12. Nc3 dxc4 13. Rb1 cxb3 14. axb3 Nd5 15. Nxd5 cxd5 16. Bb2 Rfd8 17. Rc1 Qd6 18. Qh5 Bf6 19. e4 d4 20. Rcd1 Bxb3 21. Rd3 Bc4 22. Ba3 Qa6 23. Rc3 dxc3 24. Ra1 Be2 25. Bf3 Bxf3 26. Qxf3 c2 27. Kg2 Rd3 28. Qg4 Rxa3 29. Rc1 Rc3 30. Rxc2 Rxc2 31. Qf5 Rd8 32. h4 Rdd2 33. Kh3 g6 34. Qf3 Rxf2 35. Qd1 Qe6+ 0-1